Adjustment in low-income Africa, 1974-78 / (Record no. 31053)
[ view plain ]
| 000 -LEADER | |
|---|---|
| fixed length control field | 00873nam a2200265 a 4500 |
| 001 - CONTROL NUMBER | |
| control field | 31053 |
| 003 - CONTROL NUMBER IDENTIFIER | |
| rucl marc code | BD-RjUL |
| 005 - DATE AND TIME OF LATEST TRANSACTION | |
| control field | 20211209051644.0 |
| 008 - FIXED-LENGTH DATA ELEMENTS--GENERAL INFORMATION | |
| fixed length control field | 820506s1981 dcu b i000 0 eng |
| 035 ## - SYSTEM CONTROL NUMBER | |
| System control number | (BD-RjUL)31140 |
| 040 ## - CATALOGING SOURCE | |
| Original cataloging agency | LC |
| Language of cataloging | eng |
| Transcribing agency | LC |
| Modifying agency | NU |
| -- | BD-RjUL |
| 041 ## - LANGUAGE CODE | |
| Language code of text/sound track or separate title | eng |
| 082 04 - DEWEY DECIMAL CLASSIFICATION NUMBER | |
| Classification number | 330.960327 |
| Edition number | 19 |
| Author mark and year | LIA 1981 |
| 100 1# - MAIN ENTRY--PERSONAL NAME | |
| Personal name | Liebenthal, Robert. |
| 9 (RLIN) | 94409 |
| 245 10 - TITLE STATEMENT | |
| Title | Adjustment in low-income Africa, 1974-78 / |
| Statement of responsibility, etc. | prepared by Robert Liebenthal. |
| 260 ## - PUBLICATION, DISTRIBUTION, ETC. (IMPRINT) | |
| Place of publication, distribution, etc. | Washington, D.C. (1818 H. St., N.W., Washington 20433) : |
| Name of publisher, distributor, etc. | World Bank, |
| Date of publication, distribution, etc. | c1981. |
| 300 ## - PHYSICAL DESCRIPTION | |
| Pagination | vi, 56 p. : |
| Illustrations | Ill. ; |
| Size | 28 cm. |
| 500 ## - GENERAL NOTE | |
| General note | Cover title. |
| 504 ## - BIBLIOGRAPHY, ETC. NOTE | |
| Bibliography, etc | Bibliography: p. 56. |
| 650 #0 - SUBJECT ADDED ENTRY--TOPICAL TERM | |
| Topical term or geographic name as entry element | Terms of trade |
| Geographic subdivision | Africa. |
| 9 (RLIN) | 94410 |
| 651 #0 - SUBJECT ADDED ENTRY--GEOGRAPHIC NAME | |
| Geographic name | Africa |
| General subdivision | Economic conditions |
| Chronological subdivision | 1960- |
| 9 (RLIN) | 6696 |
| 942 ## - ADDED ENTRY ELEMENTS (KOHA) | |
| Source of classification or shelving scheme | Dewey Decimal Classification |
| Koha item type | Documents |
| Lost status | Source of classification or shelving scheme | Damaged status | Not for loan | Collection code | Permanent Location | Current Location | Shelving location | Date acquired | Source of acquisition | Cost, normal purchase price | Total Checkouts | Full call number | Date last seen | Copy number | Koha item type |
|---|---|---|---|---|---|---|---|---|---|---|---|---|---|---|---|
| Dewey Decimal Classification | Not For Loan | Non-fiction | Central Library, University of Rajshahi | Central Library, University of Rajshahi | Documentation Section | 27/08/1987 | World Bank | 0.00 | DOC 330.960327 LIA 1981 | 13/04/2014 | C-1 | Documents |